Kiégés és kiégés-prevenció munkahelyi környezetben

Bibliographic Details
Main Author: Varga Melinda
Other Authors: Gombás Dr Judit Margit
Format: Final Paper
Kulcsszavak:kiégés
mentálhigiénia
munkapszichológia
stressz
work life balance
Online Access:http://dolgozattar.uni-bge.hu/60327

MARC

LEADER 00000nta a2200000 i 4500
001 dolg60327
005 20260409150320.0
008 260409suuuu hu o 000 hun d
040 |a BGE Dolgozattár Repozitórium  |b hun 
041 |a hu 
100 1 |a Varga Melinda 
245 1 0 |a Kiégés és kiégés-prevenció munkahelyi környezetben  |c Varga Melinda  |h [elektronikus dokumentum] 
516 |a Final_paper 
520 3 |a A dolgozat vizsgálja azon külső és belső tényezőket, melyek munkahelyi kiégéshez vezethetnek. Bemutatásra került a munkahelyi stressz mibenléte, a mentális és fizikai tünetek, melyeket előidézhet. Részletesen tárgyalom a munkahelyi tényezőket, kitérve a cégvezetés felelősségére, melyek munkahelyi stresszt, illetve kiégést okozhatnak. A dolgozat szintén bemutatja a munkahelyi megfelelési kényszert és munkamániát, a stresszel és munkahelyi kiégéssel összefüggésben. A munkáltató és a mentális segítő szerepét vizsgálva bizonyítást nyert, hogy befolyásuk és ezáltal felelősségük a munkavállalók szellemi-, testi- és lelki egészségét, azaz jól-létét illetően megkérdőjelezhetetlen. A kiégést elkerülendő prevenciós lehetőségek bemutatásra kerültek. 
695 |a kiégés 
695 |a mentálhigiénia 
695 |a munkapszichológia 
695 |a stressz 
695 |a work life balance 
700 1 |a Gombás Dr Judit Margit  |e ths 
856 4 0 |u http://dolgozattar.uni-bge.hu/60327/1/Szakdolgozat-%C3%A1tdolgozott_Varga%20Melinda_IHKUDG_Munkahelyi%20ment%C3%A1lhigi%C3%A9n%C3%A9_2025.pdf  |z Dokumentum-elérés 
856 4 0 |u http://dolgozattar.uni-bge.hu/60327/2/Szakdolgozat-b%C3%ADr%C3%A1lat%2C%20GJ.%20Varga%20Melinda.pdf  |z Dokumentum-elérés 
856 4 0 |u http://dolgozattar.uni-bge.hu/60327/3/Varga%20Melinda%20%20b%C3%ADr%C3%A1lati%20lap%202025%20.pdf  |z Dokumentum-elérés